Socialist humanism : an international symposium.

Bibliographic Details
Main Author: Fromm, Erich, 1900-1980
Format: Book
Language:English
Published: Garden City, N.Y. : Doubleday, 1965.
Edition:[1st ed.].
Subjects:

MARC

Tag First Indicator Second Indicator Subfields
LEADER 00000cam a22000001 4500
001 in00000052111
005 20151007080323.0
008 711216s1965 nyu b 10000 eng
010 |a  65019932  
035 |a (OCoLC)01175544 
035 |9 AAF4611AM 
040 |a DLC  |c DLC  |d TXA  |d UtOrBLW 
049 |a TXAM  |c [420061] 
050 0 0 |a B821  |b .F74 
082 0 |a 144 
092 |a 144  |b F932s 
100 1 |a Fromm, Erich,  |d 1900-1980. 
245 1 0 |a Socialist humanism :  |b an international symposium. 
250 |a [1st ed.]. 
264 1 |a Garden City, N.Y. :  |b Doubleday,  |c 1965. 
300 |a xii, 420 pages ;  |c 22 cm. 
336 |a text  |b txt  |2 rdacontent 
337 |a unmediated  |b n  |2 rdamedia 
338 |a volume  |b nc  |2 rdacarrier 
504 |a Includes bibliographical references. 
650 0 |a Humanism. 
999 |a MARS 
999 f f |s eb637085-e768-3020-860d-4bb716e802a7  |i 022fb1c2-d7da-36a7-bf74-83326334283a  |t 0 
952 f f |p normal  |a Texas A&M University  |b College Station  |c Sterling C. Evans Library  |d Evans: Library Stacks  |t 0  |e B821 .F74  |h Library of Congress classification  |i unmediated -- volume  |m A14800518547 
998 f f |a B821 .F74  |t 0  |l Evans: Library Stacks